Здравеопазването в света (Запис номер 119277)
[ съкратено ]
| 000 -Лидер | |
|---|---|
| Контролно поле с фиксирана дължина | nam a22 a 4500 |
| 003 - Код на организацията, давaща контролен номер | |
| Контролно поле | BLK |
| 005 - Дата и час на последна редакция | |
| Контролно поле | 20230119113625.0 |
| 008 - Елементи от данни с фиксирана дължина | |
| fixed length control field | 230119b bul|||||r ||||||| ||bul|| |
| 040 ## - Източник на каталожния запис | |
| Идентификатор на билиотеката - собственик на записа | BLK |
| 041 ## - Код за език | |
| Код за езика на текст/звукозапис или на отделно заглавие | Български |
| Код за езика КДБФ | Български |
| 080 ## - УДК | |
| Текстов определител УДК | Здравеопазване. Обществена (социална) хигиена. Защита от нещастни случаи - Организация на здравеопазването. Санитарно дело |
| УДК код - определител по УДК | 614 |
| УДК определител | (100) |
| УДК - код + определител | 614(100) |
| 139 ## - Редно поле | |
| Редна дума | Здравеопазването в света |
| 245 10 - Сведения за заглавието | |
| Заглавие | Здравеопазването в света |
| Подзаглавни данни | Тихоокенски регион |
| Редно поле (дума) | състав. В. Жеваник |
| 257 ## - Страна на издаване | |
| Страна на създаване/издаване | България |
| 260 ## - Област на издателските данни | |
| Място на издаване, разпространение и проч. | София |
| Име на издателя, разпространителя и проч. | НЦНМИ |
| Година на издаване | 1975 |
| 9 (RLIN) | 216334 |
| 300 ## - Физическа характеристика | |
| Страници | 136 с. |
| Илюстрации и др. | с табл. |
| Размери/Мащаб | 22 см |
| 380 ## - Жанр | |
| Жанр | Медицина |
| 490 ## - СЕРИИ (Колекции) | |
| Име на серия | Информационни издания : Научни обзори |
| 9 (RLIN) | 204921 |
| 500 ## - Общи забележки | |
| Забележка | Други състав.: Р. Колебинова, Д. Кръшков. - Изд. на МНЗ. НЦНМИ. |
| 650 #7 - Допълнително описание по предмет – тема | |
| 9 (RLIN) | 155904 |
| Основно описание – тема или топоним | Здравеопазване |
| 700 ## - Други автори (авторска отговорност) | |
| Лично име | Жеваник, Вера Симеонова |
| Автороска отговорност (Описва отношението между автора и произведението) | състав. |
| 9 (RLIN) | 1478 |
| 852 ## - Местоположение | |
| Форматна сигнатура | Цб 77178 |
| Фондова буква | Хранилище |
| 856 4# - Електронен адрес и достъп | |
| Електронен формат | pdf - файл |
| Път до файла /url/ | |
| Инструкция (цена за достъп) | 0.00 |
| Права за достъп | disable |
| 856 4# - Електронен адрес и достъп | |
| Електронен формат | pdf - файл |
| Път до файла /url/ | |
| Инструкция (цена за достъп) | 0.00 |
| Права за достъп | disable |
| 999 ## - СИСТЕМНИ КОНТРОЛНИ НОМЕРА | |
| Koha biblionumber | 119277 |
| Koha biblioitemnumber | 119277 |
| 942 ## - АРТИКУЛИ | |
| Вид на библиотечния материал | Книги |
| Скрит в OPAC | Не |
| Периодичен библиозапис | Да |
| 944 ## - СЪЗДАВАНЕ И РЕДАКЦИЯ на ЗАПИСА | |
| Създаване/Редакция | Създаване |
| Дата на регистрацията/редакция | 2023-01-19 |
| Служител, извършил регистрацията/редакцията | ГГГ |
| Код за отписване | Код за изгубен артикул | Източник на класификационната схема | Код за повреда | Коз за рестрикции | Код за отдаване | Артикулен № | Име на библиотеката - собственик | Име на библиотеката, в която се намира в момента | Статус (Текущо местоположение) | Дата на вписване в системата | Местоположение - отдел | Цена в лева | Инвентарен номер | Систематично азбучна сигнатура | Баркод | Номер на екземпляра | Цена в евро | Служебна бележка | Служебен тип на артикула |
|---|---|---|---|---|---|---|---|---|---|---|---|---|---|---|---|---|---|---|---|
| Не е изгубен | Universal Decimal Classification | Не е повреден | без рестрикции | ползва се в читалня | 192468 | Регионална библиотека "Любен Каравелов" Русе | Регионална библиотека "Любен Каравелов" Русе | Хранилище | 1977-01-01 | Хранилище | 0.60 | 188573 | Цб 77178 | 120000188573 | 1 | 0.31 | Дост: Dp Вид: Д N: стар фонд Дата: 01.01.1977 | Книги |